Lượng giác lớp 10 phổ thông toàn tập

Tallennettuna:
Bibliografiset tiedot
Aineistotyyppi: Kirja
Kieli:Undetermined
Julkaistu: Hà Nội Giáo dục 1974
Aiheet:
Tagit: Lisää tagi
Ei tageja, Lisää ensimmäinen tagi!
Thư viện lưu trữ: Trung tâm Học liệu Trường Đại học Cần Thơ
LEADER 00425nam a2200157Ia 4500
001 CTU_1073
008 210402s9999 xx 000 0 und d
082 |a 510 
082 |b L561m 
245 0 |a Lượng giác 
245 0 |b lớp 10 phổ thông toàn tập 
260 |a Hà Nội 
260 |b Giáo dục 
260 |c 1974 
650 |a mathematics 
980 |a Trung tâm Học liệu Trường Đại học Cần Thơ